Manuscsript Catalogues of the Early Museum Collections 1683-1886 (Part 1) (British Archaeological Reports (Bar) International) (Pt. I) (Record no. 104741)

MARC details
000 -LEADER
fixed length control field 00579nam a2200181Ia 4500
005 - DATE AND TIME OF LATEST TRANSACTION
control field 20250114200956.0
008 - FIXED-LENGTH DATA ELEMENTS--GENERAL INFORMATION
fixed length control field 250113s9999 xx 000 0 und d
020 ## - INTERNATIONAL STANDARD BOOK NUMBER
International Standard Book Number 184171206X
041 ## - LANGUAGE CODE
Language code of text/sound track or separate title eng
082 ## - DEWEY DECIMAL CLASSIFICATION NUMBER
Item number No.1
Classification number 12:564:M86
100 ## - MAIN ENTRY--PERSONAL NAME
Personal name Mendonca, Melanie
245 ## - TITLE STATEMENT
Title Manuscsript Catalogues of the Early Museum Collections 1683-1886 (Part 1) (British Archaeological Reports (Bar) International) (Pt. I)
260 ## - PUBLICATION, DISTRIBUTION, ETC.
Date of publication, distribution, etc. 31-12-2000
Name of publisher, distributor, etc. British Archaeological Reports
300 ## - PHYSICAL DESCRIPTION
Extent 451p.
365 ## - TRADE PRICE
Currency code Rs.
650 ## - SUBJECT ADDED ENTRY--TOPICAL TERM
Topical term or geographic name entry element 12:564:M86
700 ## - ADDED ENTRY--PERSONAL NAME
Personal name Mendonca, Melanie White, Julia
Holdings
Withdrawn status Lost status Damaged status Not for loan Home library Current library Date acquired Source of acquisition Total checkouts Full call number Barcode Date last seen Price effective from Koha item type
        DEC LIBRARY DEC LIBRARY 24/12/2013 Backlog Supplier   12:564:M86 No.1 148267 14/01/2025 14/01/2025 Books
Designed & Maintained by: MAPS Systems Deccan College Pune Contact: librarian@dccpune.edu.in © 2025. All Rights Reserved.